000 00818nam a2200253 i 4500
001 bg
100 1 _aSTRZAŁKO, Jarosław
245 1 0 _aWstęp do mechaniki analitycznej :
_bujęcie klasyczne i macierzowe /
_cJarosław Strzałko, Juliusz Grabski ; Politechnika Łódzka.
260 _aŁódź :
_bWydaw. PŁ,
_c1997.
300 _a216 s. :
_brys., wykr. ;
_c23 cm.
504 _aBibliogr. s. 215-216.
650 9 _aAnaliza matematyczna
_xstosowanie
_xmechanika
650 9 _aMacierze
_xstosowanie
_xmechanika
650 9 _aMechanika
_xzagadnienia
655 _aPodręczniki akademickie
700 1 _aGRABSKI, Juliusz
020 _a8386453990
040 _cBPK
041 0 _apl
080 _a531/534:517+512.6](075.8)
920 _a83-86453-99-0
942 _cKS
008 s pl f |000 0 pol
999 _c31606
_d31606
856 _uhttp://koha.tu.koszalin.pl/cgi-bin/koha/opac-detail.pl?biblionumber=31606
_yKatalog online BPK